Une lettre suffit pour répondre juste #76 (attention 10 lettres tuent) - Statistiques

Statistiques générales
  • Ce quiz a été pris 63 fois
  • Le résultat moyen est 3 sur 6
Statistiques - réponses
Hint Réponse % Correct
Donne une des 5 lettres qui compose le nom du pays en vert foncé ci-dessous : _ _ _ _ _
TCHAD
100%
Donne une des 4 lettres du nom de ce couvre-chef d'origine militaire porté dans les forces armées ou dans certains métiers civils :
celui ci-dessous est un _ _ _ _ de général de brigade.
KEPI
94%
Donne une des 3 lettres qui complète le nom de l'ascension cycliste de la ville de Huy en Belgique empruntée principalement comme arrivée de la classique la Flèche wallonne : _ _ _ de Huy
MUR
57%
Donne une des 2 lettres qui complète le nom de famille de cet homme français victime d'erreur judiciaire. À 16 ans, il a été inculpé des meurtres de deux garçons puis condamné à la réclusion criminelle à perpétuité ; il a été finalement reconnu innocent après 15 ans passé en prison : Patrick DI_ _
LS
23%
Donne la lettre qui est le symbole du joule J
17%
Donne la lettre qui est le nom du produit chimique conçu et utilisé par Vought International dans la série TV The Boys : composé ?
V
6%
Aucun quiz correspondant
Distribution des résultats
% des personnes avec chaque résultat
Percentile par nombre de réponses
Votre historique - résultats
Vous n’avez pas pris ce quiz